Stati con più Induisti in Asia - Statistics

Statistiche generali
  • Questo quiz è stato fatto 6 volte
  • Il punteggio medio è 9 su 10
Statistiche sulle risposte
Induisti (in numeri assoluti) Stato % Corretto
1 053 000 000 India
100%
4 679 053 Indonesia
100%
1 949 850 Malaysia
100%
23 677 744 Nepal
100%
4 444 870 Pakistan
100%
2 671 000 Sri Lanka
100%
820 000 Birmania
83%
1 300 000 Cina
83%
14 300 000 Bangladesh
67%
490 000 Emirati Arabi Uniti
33%
Nessun quiz corrispondente trovato
Distribuzione punteggi
Percentuale di utenti per punteggio
Percentile per numero di risposta
I tuoi punteggi nel tempo
Non hai fatto questo quiz